000 00811cam a22002771 4500
001 14085
003 BD-RjUL
005 20211208235553.0
008 140205s1947 nyua 001 0 eng
035 _a(BD-RjUL)14137
035 _a(OCoLC)241992
040 _aDLC
_cODaWU
_dOCoLC
_dDLC
_dBD-RjUL
_beng
041 _aeng
082 _a658.8
_bCOE 1947
100 1 _aConverse, Paul Dulaney,
_d1889-
_944015
245 1 0 _aEssentials of distribution /
_cPaul D. Converse
260 _aNew York :
_bPrentice-Hall, inc.,
_cc1936 [ Reprinted 1947].
300 _axvii, 588 p. :
_billus., tables, diagrs. ;
_c21 cm.
504 _aIncludes index.
650 0 _aMarketing.
_944016
650 0 _aSelling.
_944017
650 0 _aAdvertising.
_944018
942 _2ddc
_cBK
999 _c14085
_d14085